Živnostenské podnikanie cudzincov v Slovenskej republike bakalárska práca

Uložené v:
Podrobná bibliografia
Hlavný autor: Nguyen, Lan Nhi
Korporativný autor: Obchodná fakulta EU. Katedra obchodného práva
Ďalší autori: Veterníková, Mária, 1964-
Médium: Kniha
Jazyk:Slovak
Vydavateľské údaje: Bratislava 2021
Tagy: Pridať tag
Žiadne tagy, Buďte prvý, kto otaguje tento záznam!

MARC

LEADER 00000nbm a2200000 4500
001 0276038
005 20220127122259.3
041 0 |a slo 
044 |a SK 
245 1 0 |a Živnostenské podnikanie cudzincov v Slovenskej republike  |b bakalárska práca  |c Lan Nhi Nguyen ; školiteľ: Mária Veterníková 
264 1 |a Bratislava  |c 2021 
300 |a 54 s. 
100 1 |a Nguyen, Lan Nhi 
700 1 |a Veterníková, Mária, 1964- 
710 2 |a Obchodná fakulta EU. Katedra obchodného práva